00875nam a22002532a 450000100060000000300080000600500170001400800410003102000330007203500190010504000320012404100080015604300120016408200260017610000290020224500580023125000220028926000640031130000350037550000870041050400290049765000550052665000400058176450BD-RjUL20211209082838.0191205s2019 bg a b 000 0 eng d a9789843471864c: Tk. 2000.00 a(BD-RjUL)76671 aDLCcDLCdEQOdBD-RjULbeng aeng aa-bg--- a720.954223bHUF 20191 aHusain, A. B. M.,d1934-10aFathpur-sikri and its architecture /cA. B. M. Husain a2nd ed. , New ed. aDhaka: :bCenter for Archaeology & Heritage Research,c2019 a[12], 144 p. ; bill. ;c28 cm a""First Publication in Pakistan by Bureau of National Reconstruction, Dacca, 1970" aBibliography: p. 121-126 0aArchitecture, Mogul EmpirezIndiazFatehpur Sikri. 0aArchitecturezIndiazFatehpur Sikri